000
00239nam a2200097Ia 4500
005
20250424112911.0
008
250424s9999 xx 000 0 und d
300
_a
x, 323 p. :ill. ; 30 cm.
650
_a
Organizational sociology.
942
_c
SR
999
_c
37779
_d
37779